دراسات ونصوص في الفلسفة والعلوم عند العرب / (Record no. 6693)
[ view plain ]
| 000 -LEADER | |
|---|---|
| fixed length control field | 00529nac a22001331u 4500 |
| 008 - FIXED-LENGTH DATA ELEMENTS--GENERAL INFORMATION | |
| fixed length control field | 080901s1981 ua|||||r||| 000 0 ra d |
| 082 ## - DEWEY DECIMAL CLASSIFICATION NUMBER | |
| Classification number | 189 |
| Item number | ب د و |
| Edition number | 22 |
| 245 ## - TITLE STATEMENT | |
| Title | دراسات ونصوص في الفلسفة والعلوم عند العرب / |
| Statement of responsibility, etc | عبد الرحمن بدوي |
| 260 ## - PUBLICATION, DISTRIBUTION, ETC. (IMPRINT) | |
| Place of publication, distribution, etc | بيروت : |
| Name of publisher, distributor, etc | المؤسسة العربية للدراسات والنشر ،1981. |
| Date of publication, distribution, etc | 1981. |
| 300 ## - PHYSICAL DESCRIPTION | |
| Extent | 212 ص؛ |
| Dimensions | 24 سم . |
| 511 ## - PARTICIPANT OR PERFORMER NOTE | |
| Participant or performer note | Catalogued by: Sara |
| 541 ## - IMMEDIATE SOURCE OF ACQUISITION NOTE | |
| Source of acquisition | الف باء؛ |
| 942 ## - ADDED ENTRY ELEMENTS (KOHA) | |
| Item type | Book - Borrowing |
| Call number prefix | 189ب د و |
| Source of classification or shelving scheme | Dewey Decimal Classification |
| Withdrawn status | Item status | Source of classification or shelving scheme | Damaged status | Not for loan | Vendor | Home library | Current library | Shelving location | Date acquired | Source of acquisition | Total Checkouts | Full call number | Barcode | Date last seen | Koha item type |
|---|---|---|---|---|---|---|---|---|---|---|---|---|---|---|---|
| Dewey Decimal Classification | Alef-Baa | Central Library | Central Library | Lower Floor | 19/07/2010 | 189 ب د و | 000008150 | 15/07/2025 | Book - Borrowing |